Հայ ժողովրդի ազատագրական պայքարը թուրքական բռնապետության դեմ 1850 - 1890 թթ. / (Record no. 76529)
[ view plain ]
| 000 -LEADER | |
|---|---|
| fixed length control field | 01031nam a2200229 u 4500 |
| 001 - CONTROL NUMBER | |
| control field | 000218353 |
| 003 - CONTROL NUMBER IDENTIFIER | |
| control field | AM-YeHGA |
| 005 - DATE AND TIME OF LATEST TRANSACTION | |
| control field | 20250618071508.0 |
| 008 - FIXED-LENGTH DATA ELEMENTS--GENERAL INFORMATION | |
| fixed length control field | 030416s2002 ai r 000 0 arm d |
| 020 ## - INTERNATIONAL STANDARD BOOK NUMBER | |
| International Standard Book Number | 580800022X |
| 040 ## - CATALOGING SOURCE | |
| Original cataloging agency | AM-YeHGA |
| 090 ## - LOCALLY ASSIGNED LC-TYPE CALL NUMBER (OCLC); LOCAL CALL NUMBER (RLIN) | |
| Classification number (OCLC) (R) ; Classification number, CALL (RLIN) (NR) | Ն-63 |
| 090 ## - LOCALLY ASSIGNED LC-TYPE CALL NUMBER (OCLC); LOCAL CALL NUMBER (RLIN) | |
| -- | 77768 |
| 100 1# - MAIN ENTRY--PERSONAL NAME | |
| Personal name | Ներսիսյան, Մկրտիչ Գեղամի, |
| Dates associated with a name | 1909-1999 |
| 9 (RLIN) | 601 |
| 245 10 - TITLE STATEMENT | |
| Title | Հայ ժողովրդի ազատագրական պայքարը թուրքական բռնապետության դեմ 1850 - 1890 թթ. / |
| Statement of responsibility, etc. | Մ.Գ. Ներսիսյան ; ՀՀ ԳԱԱ. |
| 246 15 - VARYING FORM OF TITLE | |
| Title proper/short title | Освободительная барьба армянского народа против турецкого деспотизма 1850 - 1890 гг. |
| 260 ## - PUBLICATION, DISTRIBUTION, ETC. | |
| Place of publication, distribution, etc. | Երևան : |
| Name of publisher, distributor, etc. | ՀՀ ԳԱԱ «Գիտություն» հրատ., |
| Date of publication, distribution, etc. | 2002. |
| 300 ## - PHYSICAL DESCRIPTION | |
| Extent | 492 էջ. |
| 650 14 - SUBJECT ADDED ENTRY--TOPICAL TERM | |
| Topical term or geographic name entry element | Հայաստանի պատմություն |
| 710 2# - ADDED ENTRY--CORPORATE NAME | |
| Corporate name or jurisdiction name as entry element | Հայաստանի Հանրապետության գիտությունների ազգային ակադեմիա |
| 942 ## - ADDED ENTRY ELEMENTS (KOHA) | |
| Source of classification or shelving scheme | Universal Decimal Classification |
| Koha item type | Գրքեր / Books |
| Withdrawn status | Lost status | Damaged status | Not for loan | Collection | Home library | Current library | Date acquired | Total checkouts | Full call number | Barcode | Date last seen | Price effective from | Koha item type | Public note | Copy number |
|---|---|---|---|---|---|---|---|---|---|---|---|---|---|---|---|
| General | Fundamental Scientific Library | Fundamental Scientific Library | 22/12/2016 | AII/87292 | FL0065489 | 22/12/2016 | 22/12/2016 | Գրքեր / Books | 30 Days Loan | ||||||
| General | Fundamental Scientific Library | Fundamental Scientific Library | 22/12/2016 | AII/87915 | FL0214735 | 22/12/2016 | 22/12/2016 | Գրքեր / Books | 30 Days Loan | 947.925 | |||||
| General | Fundamental Scientific Library | Fundamental Scientific Library | 22/12/2016 | AII/90493 | 220090493 | 22/12/2016 | 22/12/2016 | Գրքեր / Books | 30 Days Loan | ||||||
| General | Fundamental Scientific Library | Fundamental Scientific Library | 22/12/2016 | AII/90494 | 220090494 | 22/12/2016 | 22/12/2016 | Գրքեր / Books | 30 Days Loan |
ՀՀ Գիտությունների ազգային ակադեմիայի հիմնարար գիտական գրադարան = Fundamental Scientific Library of NAS RA
All site content, except where otherwise noted, is licensed under a